Dôchodkový systém v SR bakalárska práca

Salvato in:
Dettagli Bibliografici
Autore principale: Pitoňáková, Magdaléna
Ente Autore: Národohospodárska fakulta EU. Katedra sociálneho rozvoja a práce
Altri autori: Kavec, Ján
Natura: Libro
Lingua:slovacco
Pubblicazione: Bratislava 2010
Tags: Aggiungi Tag
Nessun Tag, puoi essere il primo ad aggiungerne!!

MARC

LEADER 00000nam$a2200000$$$4500
001 0129118
005 20240320074035.2
041 0 |a slo 
044 |a SK 
245 1 0 |a Dôchodkový systém v SR  |b bakalárska práca  |c Magdaléna Pitoňáková ; škol. Ján Kavec 
264 1 |a Bratislava  |c 2010 
300 |a 41 s. 
100 1 |a Pitoňáková, Magdaléna 
700 1 |a Kavec, Ján 
710 2 |a Národohospodárska fakulta EU. Katedra sociálneho rozvoja a práce